000 01442nam0a2200361 4500
001 RU\NLR\BIBL_A\011447069
005 20260608065827.0
010 _a978-5-906947-78-9
_91500
021 _aRU
_b2017-49779
_93571
035 _a(RuMoRGB)008931844
035 _a(NLR Aleph) 011447069
090 _a11733238
_c11733238
100 _a20170801d2017 |||y0rusy50 ca
101 0 _arus
102 _aRU
105 _ay|||z|||000zy
200 1 _a1941: неизбежный реванш СССР
_fСергей Кремлёв, Михаил Мельтюхов, Елена Прудникова
210 _aМосква
_cАлгоритм
_d2017
215 _a398, [1] с.
_d21
225 1 _aПоле битвы - Россия
333 _a16+
606 _aВеликая Отечественная война
_z1941 - 1945
_zПервый период
_3RU\NLR\AUTH\661398676
_92339818
686 1 _aТ3(2)722.1
686 1 _aЦ35(2)722.2
686 1 _aЦ4,6(2)1
700 1 _7ca
_8rus
_aКремлев
_bС.
_f1951-
_gСергей
_9125089
_3RU\NLR\AUTH\7715440
701 1 _7ca
_8rus
_aМельтюхов
_bМ. И.
_f1966-
_gМихаил Иванович
_949802
_3RU\NLR\AUTH\7766874
701 1 _7ca
_8rus
_aПрудникова
_bЕ. А.
_cжурналист
_f1958-
_gЕлена Анатольевна
_931303
_3RU\NLR\AUTH\7748368
942 _cBOOK
980 _aNBR
980 _aNB